LEADER 00798nam0-22002891i-450- 001 990000003400403321 035 $a000000340 035 $aFED01000000340 035 $a(Aleph)000000340FED01 035 $a000000340 100 $a20011111d--------km-y0itay50------ba 101 0 $aita 105 $ay-------001yy 200 1 $aApple memo$fNicole Breaud-Pouliquen. 210 $aMilano$cGruppo editoriale Jackson$d1984 215 $aVI, 143 p.$cill.$d21 cm 610 0 $aMicroelaboratori elettronici Apple$aManuali 676 $a004.165 700 1$aBreaud-Pouliquen,$bNicole$0298 801 0$aIT$bUNINA$gRICA$2UNIMARC 901 $aBK 912 $a990000003400403321 952 $a13 C 11 11$b33242$fFINBC 959 $aFINBC 996 $aApple memo$9107544 997 $aUNINA DB $aING01